000 00449nab a2200145Ia 4500
003 ES-SlBCS
005 20210601134615.0
008 140529s1991 xxu||||| |||| 00| 0 spa d
041 _aspa
100 1 _aCano, Jesús
_9220364
245 0 0 _aLa hiriente luz de Los heraldos negros de César Vallejo
_c Jesús Cano
600 1 4 _aVallejo, César
_d, 1892-1938
_9220365
773 0 _tAnthropos
_gvol. 12, nº. 23, 1991, págs. 101-123
_wRev38
942 _cAR
999 _c615189
_d615189